000 01472cam a2200361Ma 4500
999 _c4682
_d4682
001 ocn921937744
003 OCoLC
005 20171109123319.0
008 130923r20122006nyu b 001 0 eng d
020 _a9780415655071
_q(pbk.)
020 _a0415655072
_q(pbk.)
035 _a(OCoLC)921937744
040 _aCULIB
_beng
_cCULIB
_dOCLCO
_dYDXCP
_dOCLCF
_dOCLCO
_dOCLCQ
049 _aTZAA
050 _aK3238
_b.N49
082 0 4 _a341.48026
_bS121H
100 1 _aSachleben, Mark,
_d1965-
_917852
245 1 0 _aHuman rights treaties : considering patterns of participation, 1948-2000
_bconsidering patterns of participation, 1948-2000 /
_cMark Sachleben.
260 _aNew York :
_bRoutledge,
_c2012, 2006.
300 _aix, 257 pages ;
_c24 cm.
490 1 _aStudies in international relations.
504 _aIncludes bibliographical references and index.
505 0 _aMotivations for participating in human rights treaties -- The provisions of the human rights treaties -- Quantitative variables and human rights treaties -- The role of reservations in human rights treaties -- Theoretical bases for human rights treaties.
650 0 _aHuman rights
_xHistory.
650 0 _aTreaties.
650 0 _aTreaties
_xReservations.
650 7 _aHuman rights.
_2fast
650 7 _aTreaties.
_2fast
650 7 _aTreaties
_xReservations.
_2fast
655 7 _aHistory.
_2fast
830 0 _aStudies in international relations (Routledge (Firm))
_917857
942 _2lcc
_cBOOK